[Event "Kesan op 19th"]
[Site "Kesan"]
[Date "2024.08.12"]
[Round "1"]
[White "Celik, Evren Inan"]
[Black "Rahmanov, Shahriyar Teymur Og"]
[Result "0-1"]
[WhiteElo "1648"]
[BlackElo "2208"]
[PlyCount "55"]
[EventDate "2024.08.12"]
[EventType "swiss"]
[EventRounds "9"]
[EventCountry "TUR"]
[SourceTitle "CBM 221 Extra"]
[Source "ChessBase"]
[SourceDate "2024.09.30"]
[SourceVersion "1"]
[SourceVersionDate "2024.09.30"]
[SourceQuality "1"]

1. e4 d5 2. exd5 Nf6 3. d4 Bg4 4. Be2 Bxe2 5. Qxe2 Qxd5 6. Nf3 Nc6 7. c4 Qf5 8. 0-0 0-0-0 9. Rd1 e5 10. d5 Nd4 11. Nxd4 exd4 12. Qd3 Qxd3 13. Rxd3 b5 14. b3 Re8 15. Kf1 bxc4 16. bxc4 Ng4 17. Bf4 g5 18. h3 Nxf2 19. Kxf2 gxf4 20. Nd2 Re3 21. Rxd4 Bc5 22. Rxf4 Rxh3+ 23. Ke2 Re8+ 24. Re4 Rxe4+ 25. Kd1 Re8 26. Ne4 Rg3 27. Ke2 Rxg2+ 28. Kd1 0-1